[Event "HUN-chT2 9596"]
[Site "HUN"]
[Date "1995.??.??"]
[Round "6"]
[White "Pallos, Laszlo"]
[Black "Kocsis, Janos"]
[Result "1/2-1/2"]
[WhiteElo "2250"]
[BlackElo "2290"]

1.c4 c6 2.d4 d5 3.cxd5 cxd5 4.Nc3 Nc6 5.Bf4 Nf6 6.e3 Bg4 7.Be2 Bxe2 8.Qxe2 e6
9.Nf3 Be7 10.h3 O-O 11.O-O  1/2-1/2

[Event "HUN-chT2 9596"]
[Site "HUN"]
[Date "1995.??.??"]
[Round "7"]
[White "Volosin, Vladimir"]
[Black "Emodi, Barnabas"]
[Result "0-1"]
[WhiteElo "2265"]
[BlackElo "2280"]

1.c4 c6 2.e4 d5 3.exd5 cxd5 4.d4 Nf6 5.Nc3 e6 6.Nf3 Be7 7.Bf4 O-O 8.c5 b6
9.b4 a5 10.a3 Bb7 11.Bb5 Ne4 12.Na4 axb4 13.axb4 bxc5 14.dxc5 Bf6 15.Be5 Bxe5
16.Nxe5 Qg5 17.Ng4 f5 18.Ne3 f4 19.h4 Qg6 20.h5 Qg5 21.Ng4 Nd7 22.f3 Ng3
23.Rh3 Ne5 24.Ra3 Nxg4 25.fxg4 Qe5+ 26.Kf2 d4 27.c6 Qxb5 28.cxb7 Qxb7 29.Rd3 Qe4
30.Rdxg3 fxg3+ 31.Kxg3 Qf4+ 32.Kh4 Qf2+ 33.g3 h6 34.Rh1 Rf3  0-1

[Event "IRL-ch"]
[Site "IRL"]
[Date "1995.??.??"]
[Round "5"]
[White "Kelly, Bryan"]
[Black "Harding, Tim D"]
[Result "1-0"]
[WhiteElo "2210"]
[BlackElo "2225"]

1.c4 c6 2.Nc3 d5 3.d4 Nf6 4.Nf3 dxc4 5.a4 Bf5 6.e3 e6 7.Bxc4 Bb4 8.O-O Nbd7
9.Qe2 Ne4 10.Nxe4 Bxe4 11.Rd1 Qf6 12.Ne1 Nb6 13.Bb3 Qg6 14.f3 Bd5 15.Bc2 Bc4
16.Nd3 a5 17.Qf2 Bxd3 18.Bxd3 f5 19.e4 O-O 20.d5 fxe4 21.Bxe4 Qxe4 22.fxe4 Rxf2
23.Kxf2 exd5 24.exd5 Nxd5 25.Bd2 Bc5+ 26.Kg3 Bd6+ 27.Kh3 Rf8 28.Rf1 Nf4+
29.Bxf4 Rxf4 30.Rxf4 Bxf4 31.Rd1 b5 32.axb5 cxb5 33.Rd5 h6 34.Rxb5 Bd2 35.b3 Kf7
36.Rb6 Bc3 37.Kg4 Ke7 38.Rc6 Bb4 39.Kf5 Kd7 40.Ra6 Bc3 41.Kg6 Kc7 42.h4 Kb7
43.Re6 Kc7 44.g4 Kd7 45.Ra6 Kc7 46.Ra7+ Kd6 47.Rxg7  1-0

[Event "ITA-chT"]
[Site "Italy"]
[Date "1995.??.??"]
[Round "?"]
[White "Tirabassi, Maurizio"]
[Black "Ortega, Lexy"]
[Result "0-1"]
[WhiteElo "2330"]
[BlackElo "2435"]

1.c4 c6 2.Nf3 d5 3.d4 e6 4.Nc3 dxc4 5.e3 b5 6.Be2 Nd7 7.O-O Bb7 8.Qc2 Ngf6
9.e4 h6 10.Rd1 a6 11.a4 Be7 12.d5 cxd5 13.axb5 axb5 14.Rxa8 Qxa8 15.exd5 Nxd5
16.Nxb5 O-O 17.Bxc4 Rc8 18.Qe2 N7b6 19.Ne5 Nxc4 20.Nxc4 Ba6 21.Ne5 Nf6 22.Nf3 Qc6  0-1

[Event "Katowice op"]
[Site "Katowice"]
[Date "1995.??.??"]
[Round "8"]
[White "Twardowski, Lukasz"]
[Black "Dmitriev, Igor"]
[Result "1/2-1/2"]
[WhiteElo "2235"]
[BlackElo "2435"]

1.c4 c6 2.Nf3 d6 3.g3 Bg4 4.Bg2 Nd7 5.b3 e5 6.Bb2 Be7 7.d4 e4 8.Nfd2 d5 9.Nc3 Be6
10.cxd5 cxd5 11.f3 f5 12.e3 Ngf6 13.Bh3 exf3 14.Nxf3 Ng4 15.Qd3 O-O 16.O-O a6
17.Ne2 g5 18.Ne5 Ndf6 19.Bg2 Qe8 20.Rac1 Bd6 21.h3 Nh6 22.Nc3 Rc8 23.Qe2 Rc7
24.Na4 Ne4 25.Rxc7 Bxc7 26.Kh2 Nf7 27.Ba3 Nxe5 28.dxe5 Rf7 29.Bb2 Bd7 30.Bxe4 dxe4
31.Qh5 Qe7 32.Rc1 Be8 33.e6 Qxe6 34.Qxg5+ Qg6 35.Qxg6+ hxg6 36.Bd4 Bxa4 37.bxa4 Rd7
38.h4 Kf7 39.Kg2 Ke6 40.Rb1 Ba5 41.Kh3 Kd5 42.g4 Rh7 43.gxf5 gxf5 44.Bf6 f4
45.Rd1+ Ke6 46.Bg5 fxe3 47.Bxe3 Rf7 48.Kg4 Rf3 49.Bg5 Bc7 50.Rg1 Ra3 51.h5 Rxa4
52.h6 Rxa2 53.Re1 Rg2+ 54.Kh5 Bg3 55.Rc1 Be5 56.Re1 Kd5 57.h7 Rh2+ 58.Kg6 b5
59.Rd1+ Kc4 60.Rd8 a5 61.Re8 Bb2 62.Rxe4+ Kb3 63.Rh4 Rg2 64.h8=Q Bxh8 65.Rxh8 b4
66.Kf5 a4 67.Rh3+ Ka2 68.Be7 Rf2+ 69.Kg5 b3 70.Rh4 a3 71.Ra4 b2 72.Rxa3+ Kb1
73.Bf6 Rxf6 74.Kxf6 Kc2 75.Ra2  1/2-1/2

[Event "Katrineholm"]
[Site "Katrineholm"]
[Date "1995.??.??"]
[Round "?"]
[White "Davies, Nigel R"]
[Black "Wessman, Richard"]
[Result "1-0"]
[WhiteElo "2530"]
[BlackElo "2440"]

1.c4 c6 2.e3 d5 3.Nf3 Nf6 4.Nc3 e6 5.b3 Nbd7 6.Bb2 Bd6 7.Qc2 Qe7 8.Be2 O-O
9.O-O e5 10.cxd5 Nxd5 11.Ne4 Bc7 12.Ng3 N7f6 13.d4 e4 14.Ne5 g6 15.Bc4 Nb6
16.f3 Nxc4 17.Nxc4 Re8 18.Qf2 Bxg3 19.Qxg3 Bf5 20.Nd6 Qe6 21.d5 Nxd5 22.fxe4 Bxe4
23.Nxf7 Qxf7 24.Rxf7 Kxf7 25.Rd1 Kg8 26.Qd6 Rad8 27.Qc5 Rd7 28.Rd2 Rf8 29.h3 a6
30.Ba3 Rf5 31.Rf2 Nf4 32.Qc4+ Bd5 33.Qc2 Nxg2 34.Rxg2 Bxg2 35.Kxg2 Rdf7 36.Bd6 h6
37.Bg3 Kh7 38.e4 Rg5 39.e5 Rff5 40.e6  1-0

[Event "Kishinev Interzonal (Women)"]
[Site "Kishinev"]
[Date "1995.??.??"]
[Round "2"]
[White "Galliamova, Alisa"]
[Black "Zhukova, Natalia"]
[Result "1-0"]
[WhiteElo "2475"]
[BlackElo "2360"]

1.c4 c6 2.Nf3 d5 3.e3 Nf6 4.b3 Bg4 5.h3 Bxf3 6.Qxf3 e6 7.Bb2 Nbd7 8.cxd5 exd5
9.Bd3 g6 10.Bc2 Bg7 11.Nc3 O-O 12.O-O Re8 13.d4 b5 14.Qf4 Nb6 15.a4 b4 16.Ne2 a5
17.Ng3 Rc8 18.Rac1 Nfd7 19.Rb1 c5 20.dxc5 Bxb2 21.Rxb2 Nxc5 22.Rd1 Ne6 23.Qf3 f5
24.Ne2 Qf6 25.Ra2 Qe5 26.h4 Re7 27.h5 Rec7 28.Bb1 Ng5 29.Qf4 Qxf4 30.Nxf4 Kf7
31.hxg6+ hxg6 32.Rad2 Ne4 33.Bxe4 dxe4 34.Rd6 Rc6 35.Nxg6 Rxd6 36.Rxd6 Rc1+
37.Kh2 Nc8 38.Ne5+ Ke7 39.Rc6 Rxc6 40.Nxc6+ Kd6 41.Nxa5 Kd5 42.Nc4 Ne7 43.Kg3  1-0

[Event "Kishinev Interzonal (Women)"]
[Site "Kishinev"]
[Date "1995.??.??"]
[Round "3"]
[White "Maksimovic, Suzana"]
[Black "Edzgveradze, Natalia"]
[Result "1/2-1/2"]
[WhiteElo "2190"]
[BlackElo "2320"]

1.c4 c6 2.d4 d5 3.Nf3 Nf6 4.e3 Bf5 5.Nc3 e6 6.Bd3 Bxd3 7.Qxd3 Nbd7 8.O-O Be7
9.e4 dxe4 10.Nxe4 Nxe4 11.Qxe4 O-O 12.Rd1 Re8 13.Bf4 Qa5 14.Qc2 Rad8 15.a3 Nf8
16.Ne5 Ng6 17.Bg3 Nxe5 18.dxe5 Rxd1+ 19.Rxd1 Rd8 20.h3 h5 21.Bf4 g5 22.Rxd8+ Bxd8
23.b4 Qc7 24.Bh2 Qd7 25.Kf1 Qd4 26.Ke2 Bb6 27.c5 Bc7 28.Qd2 Qxd2+ 29.Kxd2 Kg7
30.Ke3 b6 31.g4 Kg6 32.f3 f6 33.Kd4 h4 34.Ke4 bxc5 35.bxc5 a6 36.a4 Bb8 37.Kd4 Kf7
38.Kc4 Bc7 39.Kd4 Kg6 40.Kc4 Bb8 41.Kd4  1/2-1/2

[Event "Kishinev Interzonal (Women)"]
[Site "Kishinev"]
[Date "1995.??.??"]
[Round "9"]
[White "Foisor, Cristina Adela B"]
[Black "Stefanova, Antoaneta"]
[Result "1-0"]
[WhiteElo "2345"]
[BlackElo "2415"]

1.c4 c6 2.Nf3 d5 3.e3 Nf6 4.Nc3 Qb6 5.Qc2 e6 6.d4 Nbd7 7.Bd2 Be7 8.Be2 Qc7
9.O-O dxc4 10.Bxc4 b5 11.Bd3 a6 12.Ne4 Bb7 13.Nc5 Nxc5 14.dxc5 e5 15.Bc3 Nd7
16.Bf5 f6 17.Bxh7 Bxc5 18.Bg6+ Kf8 19.Rfd1 Bd6 20.Ba5 Qxa5 21.Qb3 Ke7 22.Qf7+ Kd8
23.Rxd6 Bc8 24.Rad1 Kc7 25.Bf5 Rf8 26.Qxg7  1-0

[Event "Kishinev Interzonal (Women)"]
[Site "Kishinev"]
[Date "1995.??.??"]
[Round "9"]
[White "Wang Lei"]
[Black "Edzgveradze, Natalia"]
[Result "1-0"]
[WhiteElo "2290"]
[BlackElo "2320"]

1.c4 c6 2.e4 d5 3.exd5 cxd5 4.d4 Nf6 5.Nc3 e6 6.Nf3 Bb4 7.Bd3 dxc4 8.Bxc4 O-O
9.O-O b6 10.Bg5 Bb7 11.Bd3 Nbd7 12.Rc1 Rc8 13.Re1 Bxc3 14.bxc3 Qc7 15.Bh4 Qc6
16.c4 Rfe8 17.Bg3 Nf8 18.Bf1 Ng6 19.Ne5 Nxe5 20.Bxe5 Nd7 21.Bg3 Nf8 22.h4 Ng6
23.Qg4 Nf8 24.h5 f5 25.Qf4 Qd7 26.Rcd1 Qf7 27.Qh4 Nd7 28.h6 g6 29.Rc1 Qf8
30.Re3 Nf6 31.Rce1 Ne4 32.Bf4 Qf7 33.Ra3 Rcd8 34.f3 Nd6 35.Bxd6 Rxd6 36.Rxa7 Rd7
37.Rb1 e5 38.d5 e4 39.Rxb6 exf3 40.gxf3 Ree7 41.c5 f4 42.d6 Re5 43.Rbxb7  1-0

[Event "Klatovy op"]
[Site "Klatovy"]
[Date "1995.??.??"]
[Round "6"]
[White "Kuljabin, Vadim"]
[Black "Kopal, Josef"]
[Result "0-1"]
[WhiteElo "2220"]
[BlackElo "2120"]

1.c4 c6 2.Nf3 d5 3.e3 Nf6 4.b3 Bf5 5.Bb2 Nbd7 6.Be2 e6 7.O-O Bd6 8.d3 O-O
9.Nc3 Qe7 10.Rc1 a6 11.h3 h6 12.Rc2 Rfc8 13.Rd2 Bb4 14.Qa1 b5 15.a3 Bd6 16.Rfd1 Nc5
17.Nd4 bxc4 18.dxc4 Bh7 19.Bf3 e5 20.Nxc6 Rxc6 21.Nxd5 Nxd5 22.Bxd5 Rb6 23.Bxa8 Nxb3
24.Qa2 Nxd2 25.Rxd2 Bf5 26.Bd5 a5 27.Kf1 a4 28.e4 Be6 29.Qa1 f6 30.Kg1 Bc5
31.Kh2 Kh7 32.Qd1 Rb3 33.Bxe6 Qxe6 34.Rd5 Bxf2 35.Bc1 Bg3+ 36.Kh1 Rb1 37.Qc2 Qb6
38.Rd1 Qb3 39.Qd2 Bf4 40.Qd7 Qxd1+  0-1

[Event "Krasnodar"]
[Site "Krasnodar"]
[Date "1995.??.??"]
[Round "3"]
[White "Poluljahov, Aleksandr"]
[Black "Maiorov, Oleg"]
[Result "1/2-1/2"]
[WhiteElo "2450"]
[BlackElo "2335"]

1.c4 c6 2.e4 d5 3.exd5 cxd5 4.d4 Nf6 5.Nc3 Nc6 6.Bg5 dxc4 7.Bxc4 Qxd4 8.Qxd4 Nxd4
9.O-O-O e5 10.Nf3 Nxf3 11.gxf3 Be7 12.Rhe1 O-O 13.Rxe5 Bd8 14.Ne4 Nd7 15.Rf5 Bc7
16.Nd6 Bxd6 17.Rxd6 g6 18.Rf4 Ne5 19.Bb3 Bf5 20.Kd2 Rfe8 21.Bf6 a6 22.a4 Rac8
23.h4 h5 24.Rd5 Nc6 25.Rc5 b6 26.Rc3 Na5 27.Ba2 Rxc3 28.Bxc3 Nc6 29.Rc4 Re6
30.f4 Kh7 31.b4 Rd6+ 32.Ke3 Be6 33.Be5 Nxe5 34.fxe5 Rd1 35.Rc2 Bxa2 36.Rxa2 Rb1
37.b5 axb5 38.axb5 Rxb5 39.f4 Rb4 40.Ra7 Kg8 41.Kf3 Rb3+ 42.Ke4 Rb1 43.Rb7 b5
44.Kd5 b4 45.Kd6 b3 46.e6 Rd1+ 47.Ke7 Re1 48.f5 gxf5 49.Kf6 Rxe6+ 50.Kxf5 Re3
51.Kg5 Kg7 52.Rb6 Rg3+ 53.Kxh5 Kf8 54.Rb7 Ke8 55.Kh6 f5 56.Rb4 Ke7 57.h5 Kf6
58.Rb6+ Ke5 59.Rb5+ Ke6 60.Rb6+ Ke7 61.Rb4 Kd6 62.Kh7 Ke5 63.h6 f4 64.Kh8 Rc3
65.Rb5+ Kf6 66.Rb8 f3 67.h7 f2 68.Rf8+ Kg6 69.Kg8 Rc8 70.Rxc8 f1=Q 71.Rc6+ Kf5
72.h8=Q Qg2+ 73.Kf7 Qd5+  1/2-1/2

[Event "Kuopio op1"]
[Site "Kuopio"]
[Date "1995.??.??"]
[Round "?"]
[White "Nei, Iivo"]
[Black "Tella, Jussi"]
[Result "1/2-1/2"]
[WhiteElo "2420"]
[BlackElo "2240"]

1.c4 c6 2.e4 d5 3.exd5 cxd5 4.d4 Nf6 5.Nc3 e6 6.Nf3 Bb4 7.cxd5 Nxd5 8.Bd2 O-O
9.Bd3 Nf6 10.O-O Nc6 11.a3 Be7 12.Be3 b6 13.Rc1 Bb7 14.Bb1 Qd7 15.Qc2 g6
16.Rfd1 Rfd8 17.Ba2 Rac8 18.Qe2 Qe8 19.h3 Rd7 20.Bc4 Qd8 21.Ba2 Qe8  1/2-1/2

[Event "Las Palmas op"]
[Site "Las Palmas"]
[Date "1995.??.??"]
[Round "6"]
[White "Suba, Mihai"]
[Black "Rogers, Ian"]
[Result "1-0"]
[WhiteElo "2485"]
[BlackElo "2600"]

1.c4 c6 2.Nf3 d5 3.e3 Nf6 4.Nc3 g6 5.d4 Bg7 6.Be2 O-O 7.O-O dxc4 8.Bxc4 Bg4
9.h3 Bxf3 10.Qxf3 Nbd7 11.Rd1 e5 12.Bb3 Qe7 13.Bd2 e4 14.Qg3 Rfe8 15.Qc7 Nb6
16.Qxe7 Rxe7 17.a4 a6 18.a5 Nbd5 19.Nxd5 Nxd5 20.Bxd5 cxd5 21.Rdc1 Rd7 22.Bb4 Bf8
23.Bxf8 Kxf8 24.Rc5 Ke7 25.Ra3 f5 26.Rb3 Rf8 27.Rb6 Rf6 28.Rxf6 Kxf6 29.Kh2 g5
30.Kg3 h6 31.b4 Rd6 32.h4 Kg6 33.b5 axb5 34.Rxb5 Rd7 35.Rb6+ Kh5 36.Rf6 f4+
37.exf4 gxf4+ 38.Kh3 Rc7 39.g4+ fxg3 40.fxg3 Rc3 41.Rd6 Rd3 42.Rxd5+ Kg6
43.Kg2 e3 44.Re5 Rxd4 45.Rxe3 Rb4 46.Re6+  1-0

[Event "National op"]
[Site "Las Vegas"]
[Date "1995.??.??"]
[Round "1"]
[White "Smith, Vivian"]
[Black "Kelleher, William"]
[Result "1-0"]
[WhiteElo "2035"]
[BlackElo "2345"]

1.c4 c6 2.g3 d5 3.b3 dxc4 4.bxc4 Qd4 5.Nc3 Qxc4 6.Nf3 Nf6 7.Bb2 Nbd7 8.Bg2 g6
9.O-O Bg7 10.d3 Qa6 11.a4 O-O 12.Qc2 Qa5 13.Nd2 Qh5 14.a5 Ne5 15.d4 Neg4
16.Nf3 Nh6 17.e4 Bh3 18.Ne2 Bxg2 19.Kxg2 Rac8 20.Ba3 Rfe8 21.Bc5 g5 22.h4 gxh4
23.Rh1 Qg6 24.Rxh4 Nhg4 25.Nf4 Qxe4 26.Qxe4 Nxe4 27.Rxg4 Nxc5 28.dxc5 f5
29.Rg5 h6 30.Rg6 Kf7 31.Rd1 Rcd8 32.Rxg7+  1-0

[Event "Las Vegas op"]
[Site "Las Vegas"]
[Date "1995.??.??"]
[Round "3"]
[White "Reuben, Stewart"]
[Black "Lakdawala, Cyrus"]
[Result "1-0"]
[WhiteElo "2270"]
[BlackElo "2360"]

1.c4 c6 2.d4 d5 3.cxd5 cxd5 4.Nc3 Nf6 5.Nf3 Nc6 6.Bf4 Ne4 7.Qb3 Nxc3 8.Qxc3 e5
9.Bd2 Bf5 10.Nxe5 Nb4 11.e4 Bd7 12.Qb3 Nc6 13.Qxd5 Nxe5 14.Qxe5+ Be7 15.Bb4 Rc8
16.Bxe7 Qxe7 17.Qxe7+ Kxe7 18.Bd3 f5 19.f3 fxe4 20.fxe4 Rhd8 21.Ke2 Rc6 22.Rac1 Rb6
23.b3 a5 24.Bc4 Rg6 25.g3 Bh3 26.Ke3 Rf6 27.e5 Rff8 28.d5 Bg2 29.d6+ Kd7
30.Rhg1 Bc6 31.Rgf1 Rde8 32.Kd4  1-0

[Event "Lazne Bohdanec"]
[Site "Lazne Bohdanec"]
[Date "1995.??.??"]
[Round "2"]
[White "Meduna, Eduard"]
[Black "Blatny, Pavel"]
[Result "1/2-1/2"]
[WhiteElo "2480"]
[BlackElo "2485"]

1.c4 c6 2.e4 e5 3.Nf3 Qc7 4.Nc3 d6 5.d4 Bg4 6.Be2 Nd7 7.Be3 Ngf6 8.O-O exd4
9.Nxd4 Bxe2 10.Qxe2 g6 11.f3 Bg7 12.Rfd1 O-O 13.Rac1 a6  1/2-1/2

[Event "Legnica"]
[Site "Legnica"]
[Date "1995.??.??"]
[Round "?"]
[White "Shilov, Sergej"]
[Black "Grechanovskaya, Elena"]
[Result "1-0"]
[WhiteElo "2235"]
[BlackElo "2100"]

1.c4 c6 2.e4 d5 3.exd5 cxd5 4.d4 Nf6 5.Nc3 e6 6.Nf3 Nc6 7.cxd5 Nxd5 8.Bd3 Be7
9.O-O O-O 10.Re1 Nf6 11.Bg5 b6 12.Qe2 Bb7 13.Rad1 Nb4 14.Bb1 Nbd5 15.Ne5 Nxc3
16.bxc3 Nd5 17.Qd3 g6 18.Bh6 Re8 19.Qf3 f5 20.c4 Bb4 21.Bd2 Bxd2 22.Rxd2 Qg5
23.Rdd1 Ne3 24.Qxb7 Nxd1 25.Qf7+ Kh8 26.Qxe8+  1-0

[Event "Liechtenstein op"]
[Site "Liechtenstein"]
[Date "1995.??.??"]
[Round "?"]
[White "Arbakov, Valentin"]
[Black "Sucher, Johannes"]
[Result "1-0"]
[WhiteElo "2455"]
[BlackElo "2100"]

1.c4 c6 2.Nc3 g6 3.e4 Bg7 4.d4 d6 5.f4 Nf6 6.Nf3 Qa5 7.Bd2 Bg4 8.e5 Nh5 9.h3 Bxf3
10.Qxf3 Bf8 11.O-O-O Na6 12.g4 Ng7 13.exd6 exd6 14.Re1+ Kd7 15.f5 gxf5 16.Bd3 h5
17.gxf5 Re8 18.f6 Ne6 19.d5 Nd4 20.Bf5+ Kc7 21.Qd3 Rxe1+ 22.Rxe1 Qb6 23.Be3 Bh6
24.Bxh6 Nc5 25.Qf1 Rxh6 26.Re7+ Kd8 27.Rxf7 Rh8 28.Qf4 cxd5 29.Kb1 Nde6 30.Qg3 Re8
31.Nxd5 Qc6 32.Re7 Nf8 33.Rxe8+ Qxe8 34.Qxd6+  1-0

[Event "Linares op"]
[Site "Linares"]
[Date "1995.??.??"]
[Round "?"]
[White "Arbakov, Valentin"]
[Black "Gamundi, Antonio"]
[Result "1/2-1/2"]
[WhiteElo "2500"]
[BlackElo "2375"]

1.c4 c6 2.d4 d5 3.Nf3 Nf6 4.Nc3 dxc4 5.a4 Bf5 6.g3 e6 7.Bg2 Bb4 8.O-O Nbd7
9.Nd2 Nb6 10.a5 Nbd5 11.Nxc4 Bxc3 12.bxc3 Nxc3 13.Qd2 Qxd4 14.Nd6+ Kf8 15.Nxf5 exf5
16.Ba3+ Kg8 17.Qc2 Nce4 18.Qb3 h5 19.Qxb7 Re8 20.Bb2 Qc5 21.e3 h4 22.Bd4 Qc2
23.Qb1 Qc4 24.Qc1 Qa6 25.Bxf6 gxf6 26.Qc2 Re5 27.Rfc1 hxg3 28.hxg3 Rxa5 29.Rxa5 Qxa5
30.Qxc6 Qd2 31.Qc2 Qxc2 32.Rxc2 Kg7 33.g4 Re8 34.gxf5 Nd6 35.Ra2 Nxf5 36.Rxa7 Re7
37.Ra5 Nh4 38.Bh3 Nf3+ 39.Kg2 Ng5 40.Bg4 Re4 41.f4 Ne6  1/2-1/2

[Event "Linares op"]
[Site "Linares"]
[Date "1995.??.??"]
[Round "?"]
[White "Arbakov, Valentin"]
[Black "Sadler, Matthew"]
[Result "0-1"]
[WhiteElo "2500"]
[BlackElo "2575"]

1.c4 c6 2.d4 d5 3.Nf3 Nf6 4.e3 Bf5 5.Nc3 e6 6.Qb3 Qb6 7.Bd2 Be7 8.Be2 Nbd7
9.O-O Qxb3 10.axb3 Bc2 11.cxd5 exd5 12.b4 O-O 13.Rfe1 Bb3 14.b5 Rfc8 15.Ne5 Nxe5
16.dxe5 Nd7 17.bxc6 bxc6 18.Bg4 Rd8 19.e6 Ne5 20.exf7+ Kxf7 21.Bh5+ g6 22.Be2 Bc4
23.Reb1 Rdb8 24.Bf1 a5 25.Na4 Bxf1 26.Kxf1 Nc4 27.Bc3 Rc8 28.Rc1 Rab8 29.Rc2 Rb5
30.Re1 Bb4 31.e4 Bxc3 32.bxc3 Re8 33.exd5 Rxe1+ 34.Kxe1 cxd5 35.Ke2 Ke6 36.f4 Kd6
37.g4 Rb1 38.Ra2 Kc6 39.f5 gxf5 40.gxf5 Rh1 41.Kd3 Rf1 42.Re2 Rxf5 43.Nb2 Rf3+
44.Kc2 Nxb2 45.Kxb2 Rh3 46.Rd2 Kc5 47.Kb3 a4+ 48.Kb2 h6 49.Rg2 Rh4 50.Ka3 Kc4
51.Kb2 h5 52.Rf2 a3+ 53.Kc2 Rg4 54.h3 Re4 55.Rd2 Rf4 56.Rh2 Rf3 57.h4 Rxc3+
58.Kb1 Rb3+ 59.Kc1 d4  0-1

[Event "Linares op"]
[Site "Linares"]
[Date "1995.??.??"]
[Round "?"]
[White "Petursson, Margeir"]
[Black "Solozhenkin, Evgeniy"]
[Result "1-0"]
[WhiteElo "2535"]
[BlackElo "2480"]

1.c4 c6 2.e4 d5 3.exd5 cxd5 4.cxd5 Nf6 5.Nc3 Nxd5 6.Nf3 Nc6 7.d4 e6 8.Bc4 Bb4
9.Qd3 O-O 10.O-O Nce7 11.a3 Bd6 12.Ba2 Nxc3 13.bxc3 Qa5 14.Ng5 Qf5 15.Qe2 Nd5
16.Ne4 Bf4 17.Bb2 Bc7 18.g3 Qg6 19.Kh1 Bd7 20.c4 Nb6 21.Rad1 Rae8 22.f3 Na4
23.Ba1 f5 24.Nf2 Kh8 25.Nd3 Qh5 26.Ne5 Bxe5 27.Qxe5 Nb6 28.Rfe1 Qg6 29.Qf4 Qf7
30.Re5 Bc6 31.Re3 Nd7 32.Qc7 f4 33.gxf4 Qh5 34.d5 exd5 35.Rxe8 Rxe8 36.cxd5 Qh3
37.Kg1 Bb5 38.Bc4 Bxc4 39.Qxc4 Qf5 40.Kh1 Nb6 41.Qd4 Qf7 42.Rg1 Rg8 43.d6 Nd7
44.Re1 Nf6 45.Re7 Qh5 46.Qd3 Qc5 47.Bxf6 Qc1+ 48.Kg2 gxf6+ 49.Kh3 Rg6 50.d7 Rh6+
51.Kg2  1-0

[Event "Linares zt"]
[Site "Linares"]
[Date "1995.??.??"]
[Round "3"]
[White "Kelly, Bryan"]
[Black "Garcia Paolicchi, Raul"]
[Result "0-1"]
[WhiteElo "2300"]
[BlackElo "2295"]

1.c4 c6 2.Nf3 d5 3.d4 Nf6 4.Nc3 dxc4 5.a4 Bg4 6.Ne5 Bh5 7.f3 Nfd7 8.Nxc4 e5
9.Nxe5 Nxe5 10.dxe5 Nd7 11.Bf4 Bb4 12.e3 Qe7 13.Qb3 a5 14.e6 Nc5 15.exf7+ Bxf7
16.Qc2 g5 17.Bg3 Qxe3+ 18.Be2 Bg6 19.Bf2 Qxf2+  0-1

[Event "Linares zt"]
[Site "Linares"]
[Date "1995.??.??"]
[Round "9"]
[White "Hodgson, Julian M"]
[Black "Sadler, Matthew"]
[Result "1/2-1/2"]
[WhiteElo "2590"]
[BlackElo "2565"]

1.c4 c6 2.Nf3 d5 3.cxd5 cxd5 4.d4 Nf6 5.Nc3 Nc6 6.Ne5 e6 7.Bf4 Qb6 8.Nxc6 bxc6
9.Rb1 Ba6 10.a3 Be7 11.Na4 Qb7 12.b4 O-O 13.Nc5 Qb6 14.g4 Bc4 15.e3 Bxf1
16.Kxf1 a5 17.Kg2 axb4 18.axb4 Ra2  1/2-1/2

[Event "Litomysl op"]
[Site "Litomysl"]
[Date "1995.??.??"]
[Round "1"]
[White "Mrkos, Miroslav"]
[Black "Kolesar, Milan"]
[Result "1-0"]
[WhiteElo "1995"]
[BlackElo "2280"]

1.c4 c6 2.Nc3 d5 3.cxd5 cxd5 4.d4 Nc6 5.Bf4 Nf6 6.e3 a6 7.Rc1 Bf5 8.Nf3 e6
9.Be2 Nd7 10.O-O Be7 11.Nd2 Nb6 12.Na4 Nxa4 13.Qxa4 O-O 14.a3 b5 15.Qd1 Qb6
16.Nb3 Rfc8 17.Qd2 a5 18.g4 Be4 19.Nc5 Bxc5 20.Rxc5 b4 21.f3 Bg6 22.a4 e5
23.Rb5 Qa7 24.dxe5 d4 25.Kg2 Rd8 26.e4 h5 27.h3 hxg4 28.hxg4 Rd7 29.Bc4 Re8
30.Rc1 Nd8 31.Bd5 Rf8 32.Bg3 Ne6 33.f4 Rxd5 34.exd5 Be4+ 35.Kh2 Nc7 36.Rbc5 Na6
37.Rxa5 Qd7 38.Qxd4 Bf3 39.f5 Rc8 40.Rxc8+ Qxc8 41.Qd3 Bxg4 42.Rxa6 Bxf5
43.Qe2 Bg4 44.Ra8 Qxa8 45.Qxg4 Qxd5 46.Qc8+ Kh7 47.Qc2+ g6 48.Qg2 Qa2 49.Bh4 Qxa4
50.Bf6 Kg8 51.Qd2 Kh7 52.Qd3  1-0

[Event "ESP-chJ"]
[Site "Los Barrios"]
[Date "1995.??.??"]
[Round "2"]
[White "Granero Roca, Antonio"]
[Black "Elizburu, G."]
[Result "1-0"]
[WhiteElo "2075"]
[BlackElo "1945"]

1.c4 c6 2.g3 d5 3.Nf3 Bf5 4.Qa4 e6 5.Bg2 Nd7 6.d3 Ngf6 7.cxd5 exd5 8.O-O Be7
9.Nbd2 O-O 10.Qc2 Qb6 11.e4 Bg6 12.Nh4 Bh5 13.Nf5 Bd8 14.Nb3 Bg4 15.Be3 Qc7
16.Bf4 Qb6 17.Ne3 Be6 18.Rfe1 dxe4 19.dxe4 Bxb3 20.axb3 Re8 21.Bd6 Qb5 22.Nf5 Bb6
23.Bf1 Bxf2+ 24.Qxf2 Qxb3 25.e5 Ng4 26.Qd4 Qc2 27.Qxg4  1-0

[Event "ESP-chJ"]
[Site "Los Barrios"]
[Date "1995.??.??"]
[Round "5"]
[White "Timon Piote, Silvia"]
[Black "Valles Moreno, Ivan"]
[Result "1/2-1/2"]
[WhiteElo "2005"]
[BlackElo "2210"]

1.c4 c6 2.Nc3 d5 3.d4 Nf6 4.cxd5 cxd5 5.Bg5 Nc6 6.e3 e6 7.Bd3 Be7 8.Nge2 O-O
9.O-O Re8 10.Rc1 Bd7 11.Bb1 g6 12.Nf4 Na5 13.h4 Bc6 14.h5 Ne4 15.Bxe7 Qxe7
16.Nxe4 dxe4 17.Qd2 e5 18.dxe5 Qxe5 19.b4 Rad8 20.Qc2 Bb5 21.bxa5 Bxf1 22.Rxf1 Qxa5
23.Qc4 Rc8 24.Qd5 Qxd5 25.Nxd5 Rc6 26.hxg6 hxg6 27.Nb4 Rd6 28.Nc2 Rc8 29.Nd4 f5
30.a3 Kg7 31.Ba2 Kf6 32.Rb1 b6 33.Kf1 a6 34.a4 Ke5 35.g3 g5 36.Rb4 Rc5 37.Ke2 Rh6
38.f4+ exf3+ 39.Nxf3+ Kd6 40.Rxb6+ Rc6 41.Rxc6+ Kxc6 42.Bb3 Kc5 43.Nxg5 Rg6
44.Nf3 Rxg3 45.Be6 Kb4 46.Bc8 Rg2+ 47.Kd3 Rg3  1/2-1/2

[Event "ESP-chJ"]
[Site "Los Barrios"]
[Date "1995.??.??"]
[Round "7"]
[White "Timon Piote, Silvia"]
[Black "Medina Fuentes, S."]
[Result "0-1"]
[WhiteElo "2005"]
[BlackElo "2160"]

1.c4 c6 2.Nc3 d5 3.d4 Nf6 4.Nf3 dxc4 5.a4 Bf5 6.e3 e6 7.Bxc4 Bb4 8.Qb3 Qe7
9.O-O O-O 10.a5 c5 11.dxc5 Bxc5 12.Bd2 Nc6 13.a6 bxa6 14.Bxa6 Nb4 15.Rfc1 Rab8
16.Qa4 Rfd8 17.Nb5 Nd3 18.Nbd4 Bxd4 19.Bxd3 Bxb2 20.Bxf5 Bxc1 21.Rxc1 exf5
22.Nd4 Qd7 23.Qa5 Rdc8 24.Rd1 f4 25.Qe5 Rb2 26.Bc1 Rb1  0-1

[Event "ESP-chJ"]
[Site "Los Barrios"]
[Date "1995.??.??"]
[Round "8"]
[White "Portugues, R."]
[Black "Acosta, A."]
[Result "1/2-1/2"]
[WhiteElo "2145"]
[BlackElo "2270"]

1.c4 c6 2.Nf3 d5 3.b3 Bg4 4.Bb2 Nd7 5.g3 e6 6.Bg2 Ngf6 7.O-O Bd6 8.d3 O-O
9.Na3 Qe7 10.Nc2 e5 11.Ne3 Ba3 12.Bxa3 Qxa3 13.cxd5 cxd5 14.Nxg4 Nxg4 15.Nh4 Ngf6
16.Qc1 Qd6 17.Bh3 Rfc8 18.Qg5 Qf8 19.Nf5 Rc2 20.Rfe1 Rac8 21.Rac1 g6  1/2-1/2

[Event "POL-chT"]
[Site "Lubniewice"]
[Date "1995.??.??"]
[Round "4"]
[White "Wojtkiewicz, Aleksander"]
[Black "Sapis, Witalis"]
[Result "1/2-1/2"]
[WhiteElo "2570"]
[BlackElo "2450"]

1.c4 c6 2.d4 d5 3.Nc3 Nf6 4.Nf3 a6 5.c5 Nbd7 6.Bf4 Nh5 7.Bd2 Nhf6 8.h3 Ne4
9.Bf4 Nxc3 10.bxc3 g6 11.e3 Qa5 12.Qd2 Bg7 13.Rc1 e5 14.Bg3 O-O 15.Be2 Re8
16.Rc2 b6 17.cxb6 Qxb6 18.Rb2 Qd8 19.O-O e4 20.Ne1 c5 21.dxc5 Nxc5 22.Nc2 Na4
23.Rb3 Qa5 24.Nd4 Bd7 25.Rc1 Rec8 26.Bd6 Qd8 27.Rb7 Bf6 28.c4 dxc4 29.Bxc4 Nb6
30.Bb3 Rxc1+ 31.Qxc1 Rc8 32.Qf1 Be8 33.Bg3 Nd7 34.Bc4 Nc5 35.Rb1 Qa5 36.Rc1 Bd7
37.Bd5 Kg7 38.Qd1 Qa4 39.Qd2 Qa3 40.Rc3 Qa5 41.Rc2 Qxd2 42.Rxd2 Be7 43.Rb2 Kf8
44.Rb6 Bd8 45.Bd6+ Ke8 46.Rb1 f5 47.g3 Be7 48.Bxe7 Kxe7 49.Rb6 a5 50.Kg2 Nd3
51.Bc6  1/2-1/2

[Event "POL-chT"]
[Site "Lubniewice"]
[Date "1995.??.??"]
[Round "6"]
[White "Litinskaya, Marta I"]
[Black "Kaczorowska, Barbara"]
[Result "1-0"]
[WhiteElo "2350"]
[BlackElo "2135"]

1.c4 c6 2.d4 d5 3.Nf3 Nf6 4.Nc3 dxc4 5.a4 Bf5 6.e3 e6 7.Bxc4 Bb4 8.O-O O-O
9.Qe2 Nbd7 10.e4 Bg6 11.Bd3 Bh5 12.e5 Nd5 13.Ne4 Be7 14.Ng3 Bxf3 15.Qxf3 c5
16.Qe4 g6 17.Bc4 N7b6 18.Bb3 c4 19.Bd1 Qc7 20.a5 Nd7 21.f4 Nb4 22.Bd2 Qc6
23.Qe2 Rac8 24.Ba4 Qd5 25.Bc3 b5 26.axb6 axb6 27.Qd2 Nd3 28.Bd1 Rfd8 29.Ra7 Bf8
30.Bf3 Qb5 31.Ne4 Kg7 32.g4 Nb4 33.Qf2 Nc6 34.Raa1 Bb4 35.f5 gxf5 36.gxf5 Kh8
37.Kh1 Rg8 38.Qh4 exf5 39.Ng5 Rg7 40.e6 fxe6 41.Nxe6 Bxc3 42.bxc3 Rg6 43.Nf4 Rg7
44.Rfb1  1-0

[Event "POL-chT"]
[Site "Lubniewice"]
[Date "1995.??.??"]
[Round "8"]
[White "Krynicka, Jolanta"]
[Black "Kaczorowska, Barbara"]
[Result "1/2-1/2"]
[WhiteElo "2165"]
[BlackElo "2135"]

1.c4 c6 2.Nc3 d5 3.cxd5 cxd5 4.Nf3 Nc6 5.d4 Nf6 6.e3 g6 7.Be2 Bg7 8.O-O O-O
9.b3 Bf5 10.Bb2 a6 11.Rc1 Qa5 12.a3 Rfc8 13.b4 Qd8 14.Na4 Ne4 15.Nd2 Nd6
16.Nc5 b5 17.Bf3 Nc4 18.Nxc4 bxc4 19.Re1 a5 20.b5 Na7 21.a4 Rxc5 22.dxc5 Bxb2
23.Qxd5 Qxd5 24.Bxd5 Rd8 25.e4 Bxc1 26.Rxc1 Be6 27.b6 Nc8 28.b7 Na7 29.f4 Bd7
30.Rb1 Rb8 31.Bxc4 Bxa4 32.Rb6 e6 33.f5 gxf5 34.exf5 exf5 35.Bd5 Bb5 36.Kf2 a4
37.Ke3 a3 38.Kf4 a2 39.Bxa2 Bc6 40.Kxf5 Bxg2 41.Kf6 Rxb7 42.Rxb7 Bxb7 43.Bxf7+ Kf8
44.Bc4 Bc6 45.Bd3 Kg8 46.Bc4+ Kh8 47.h4 Nb5 48.h5 Nc3 49.h6 Bd5 50.Bd3 Ne4+
51.Ke5 Nxc5 52.Bxh7 Kxh7  1/2-1/2

[Event "POL-chT"]
[Site "Lubniewice"]
[Date "1995.??.??"]
[Round "8"]
[White "Szypulski, Andrzej"]
[Black "Kuczynski, Robert"]
[Result "1/2-1/2"]
[WhiteElo "2395"]
[BlackElo "2480"]

1.c4 c6 2.e4 d5 3.exd5 cxd5 4.d4 Nf6 5.Nc3 e6 6.Nf3 Be7 7.Bd3 dxc4 8.Bxc4 O-O
9.O-O Nc6 10.a3 a6 11.Ba2 b5 12.Bg5 b4 13.axb4 Nxb4 14.Bb1 Bb7 15.Ne5 h6
16.Be3 a5 17.Qd2 Re8 18.Rd1 Bf8 19.f3 Nfd5 20.Bf2 Qg5  1/2-1/2